Datum a čas kvízu
29
Celkem bodů
Celkový počet nahraných bodů na tomto kvízu bez doplňovacích otázek.
2.
Pořadí na kvízu
Konečné umístění týmu na tomto kvízu.
Zaznamenané odpovědi
| # | Otázka | Odpověď | Body | Výsledky |
|---|---|---|---|---|
| 1. | Česká společnost Seznam.cz ozn... | 1 | ||
| 2. | Studenti na střední škole v Pa... | 1 | ||
| 3. | Legendární pražská punková kap... | 1 | ||
| 4. | Maďarský vynález, který v brzk... | 0 | ||
| 5. | Minulý týden ukončila svou kar... | 0 | ||
| 6. | Oslí můstek je výraz, který se... | 0 | ||
| 7. | Blízkým a poněkud ušlechtilejš... | 1 | ||
| 8. | Koňská síla (značka HP) je sta... | 0 | ||
| 9. | Nejen koně či automobily mají... | 1 | ||
| 10. | Abyste mohli ukázat svou sílu,... | 1 |